| 000 | 00408nam a2200133Ia 4500 | ||
|---|---|---|---|
| 008 | 220216s9999 xx 000 0 und d | ||
| 100 | _aGeorge K T | ||
| 245 | 0 | _aValue addition or value acquisition ?. Travails of the plantation sector in the era of globalization | |
| 260 |
_bEconomic and Political Weekly _c2005 |
||
| 300 | _a2681-2687 | ||
| 650 | _aPlantation sector | ||
| 700 | _aJoseph J | ||
| 942 | _cBS | ||
| 999 |
_c52189 _d52189 |
||